Normal view
MARC view
Entry Personal Name
001 - CONTROL NUMBER
- control field: 59021
003 - CONTROL NUMBER IDENTIFIER
- control field: dpl
005 - DATE AND TIME OF LATEST TRANSACTION
- control field: 20231123114822.0
008 - FIXED-LENGTH DATA ELEMENTS
- fixed length control field: 231123|| aca||aabn | a|a d
040 ## - CATALOGING SOURCE
- Original cataloging agency: dpl
- Transcribing agency: dpl
100 ## - HEADING--PERSONAL NAME
- Personal name: YSM ,RV Kumar
670 ## - SOURCE DATA FOUND
- Source citation: Work cat.: (dpl)199191: YSM ,RV Kumar, Face off India and China/, 2022
